000 00799nam a2200253Ia 4500
003 OSt
005 20220923215810.0
006 a|||||r|||| 00| 0
007 ta
008 220922b |||||||| |||| 00| 0 hin d
024 _a181,879
037 _cTextual
040 _aARTS
_cARTS
_bhin
041 _2hin
_ahin
082 _aO152,1N38x, L2
100 _aमिश्र, रूप किशोर
245 0 _aसृजन के स्वर
246 _aSṛujan ke svara
260 _aमथुरा
_b हिन्दी प्रचार सभा
_c1972
300 _a49 पृ.
_ccm.
650 _aहिन्दी साहित्य
_9156264
942 _hO152,1N38x, L2
_cTEXL
_2CC
999 _c335256
_d335256